000 00247nam a2200085Ia 4500
008 170620s9999 xx 000 0 und d
100 _aBala- Jampala Madhu
245 0 _aMethods of Teaching Exceptional Children
260 _bNew Delhi- Discovery Publishing House
260 _c2004
999 _c24459
_d24459